| 000 | 00449nam a2200181Ia 4500 | ||
|---|---|---|---|
| 003 | OSt | ||
| 005 | 20220603151802.0 | ||
| 008 | 210210b1940 xxu||||| |||| 00| 0 eng d | ||
| 040 | _cAL | ||
| 041 | _aeng | ||
| 082 | _a954/351 | ||
| 100 |
_aRAWLINSON (H G) _940359 |
||
| 245 | _aConcise history of the Indian people | ||
| 260 |
_aLondon _bOxford University Press _c1940 |
||
| 690 |
_aIndian History _940360 |
||
| 906 | _a026111 | ||
| 942 |
_2ddc _cBK |
||
| 999 |
_c152049 _d152049 |
||